Kỹ thuật trồng hoa, cây cảnh

সংরক্ষণ করুন:
গ্রন্থ-পঞ্জীর বিবরন
প্রধান লেখক: Phan, Thị Lài
বিন্যাস: গ্রন্থ
প্রকাশিত: Hà Nội Giáo dục 2008
বিষয়গুলি:
ট্যাগগুলো: ট্যাগ যুক্ত করুন
কোনো ট্যাগ নেই, প্রথমজন হিসাবে ট্যাগ করুন!
Thư viện lưu trữ: Trung tâm Học liệu Lê Vũ Hùng, Trường Đại học Đồng Tháp
LEADER 00782pam a22002538a 4500
001 00037732
005 20171026081025.0
008 170514s2008 ||||||Viesd
041 0 # |a Vie 
082 1 4 |a 635.9  |b K600TH 
100 1 # |a Phan, Thị Lài 
245 1 0 |a Kỹ thuật trồng hoa, cây cảnh  |c Phan Thị Lài; Chu Thị Thơm; Nguyễn Văn Tó 
260 # # |a Hà Nội  |b Giáo dục  |c 2008 
300 # # |a 107tr.  |c 24 cm 
653 # # |a Cây cảnh 
653 # # |a trồng hoa 
653 # # |a Kỹ thuật 
852 # # |b Kho mượn  |j KM.0022452 
852 # # |b Kho đọc  |j KD.0021561 
852 # # |j KD.0021561  |j KM.0022452 
910 |d 14/05/2017 
980 # # |a Trung tâm Học liệu Lê Vũ Hùng, Trường Đại học Đồng Tháp